| 000 | 00362nam a22001457a 4500 | ||
|---|---|---|---|
| 003 | NUST | ||
| 005 | 20231003094156.0 | ||
| 008 | 231003b ||||| |||| 00| 0 eng d | ||
| 082 |
_a920.02 _bGUN 1965 |
||
| 100 |
_aGunther, John _950318 |
||
| 245 |
_aProcession _cJohn Gunther |
||
| 260 |
_aNew York _b HARPER & ROW _c1965 |
||
| 300 | _a514p | ||
| 942 |
_2ddc _cBK |
||
| 999 |
_c603279 _d603279 |
||